Culture Générale - Série 725 - Statistiques

Statistiques générales
  • Ce quiz a été pris 332 fois
  • Le résultat moyen est 5 sur 10
Statistiques - réponses
Question Réponse % Correct
Si vous êtes au Yémen, sur quel continent vous trouvez-vous ? Asie
98%
Quels organes internes, constitués de lamelles, permettent aux poissons de respirer ? branchies
87%
Complétez le titre du film réalisé par Roman Polanski en 1967, "Le bal des ... vampires
64%
Complétez le titre du roman de Jane Austen "Raison et ... sentiments
52%
Dans la Rome antique, comment appelait-on la partie du peuple, longtemps dépourvue des privilèges politiques des patriciens ? plèbe
51%
Quel camélidé a donné son nom au tissu appelé alpaga ? alpaga
49%
Dans "Le Père Noël est une ordure", quel est le prénom du personnage interprété par Gérard Jugnot? Félix
36%
Quel acteur américain incarne Jack Crabb alias "Little Big Man" dans le film d'Arthur Penn ? Dustin Hoffman
32%
Quel était le prénom de la dernière des six enfants de Sigmund Freud, devenue elle-même psychanalyste ? Anna
14%
Quel acteur est le partenaire d'Audrey Hepburn dans le film : "Vacances romaines" ? Gregory Peck
8%
Aucun quiz correspondant
Distribution des résultats
% des personnes avec chaque résultat
Percentile par nombre de réponses
Votre historique - résultats
Vous n’avez pas pris ce quiz